3x 100 hororů. I., Šumavský upír /
Úvodní část projektu 3x 100 hororů obsahuje první stovku povídek, které na téma hrůzy, mystiky, záhrobí a nevysvětlitelných záhad napsal Miloslav Švandrlík.
Uloženo v:
| Série: | 3x 100 hororů,
část 1 |
|---|---|
| Hlavní autor: | |
| Médium: | E-kniha |
| Jazyk: | Czech |
| Vydáno: |
Praha :
Epocha,
2026
|
| Vydání: | Druhé vydání |
| Témata: | |
| Příbuzné jednotky: | Z cyklu::
3x 100 hororů |
| Tagy: |
Žádné tagy |
| LEADER | 02406nam a2200457 i 4500 | ||
|---|---|---|---|
| 001 | 301448 | ||
| 003 | CZ PrSKC | ||
| 005 | 20260429063157.0 | ||
| 007 | ta | ||
| 008 | 260424s2026 xr g 000 j cze | ||
| 015 | |a cnb003754280 | ||
| 020 | |a 9788027802814 |q (vázáno) | ||
| 040 | |a ABG001 |b cze |e rda | ||
| 072 | 7 | |a 821.162.3-3 |x Česká próza |2 Konspekt | |
| 080 | |a 821.162.3-32 |2 MRF | ||
| 080 | |a (0:82-321.5) |2 MRF | ||
| 080 | |a (0:82-322.4) |2 MRF | ||
| 100 | 1 | |a Švandrlík, Miloslav, |d 1932-2009 |7 jk01131832 |4 aut | |
| 245 | 1 | 0 | |a 3x 100 hororů. |n I., |p Šumavský upír / |c Miloslav Švandrlík |
| 246 | 3 | |a Třikrát sto hororů | |
| 246 | 3 | 0 | |a Šumavský upír |
| 250 | |a Druhé vydání | ||
| 264 | 1 | |a Praha : |b Epocha, |c 2026 | |
| 300 | |a 542 stran ; |c 22 cm | ||
| 336 | |a text |b txt |2 rdacontent | ||
| 337 | |a bez média |b n |2 rdamedia | ||
| 338 | |a svazek |b nc |2 rdacarrier | ||
| 520 | 2 | |a Úvodní část projektu 3x 100 hororů obsahuje první stovku povídek, které na téma hrůzy, mystiky, záhrobí a nevysvětlitelných záhad napsal Miloslav Švandrlík. |b Autorův vynalézavý způsob, jak čtenáře vyděsit či alespoň postrašit, a přitom ho vtipně pobavit, si konzumenti příběhů o upírech, krvelačných monstrech nebo vlkodlacích oblíbili už dávno. Důkazem je mimo jiné i umístění Švandrlíkovy knihy "100 nejlepších hororů" v první desítce knih, které si mládež zapsala do čtenářských deníků žáků 9. tříd základních škol. Nakladatelská anotace. | |
| 655 | 7 | |a české povídky |7 fd133971 |2 czenas | |
| 655 | 7 | |a humoristické povídky |7 fd132428 |2 czenas | |
| 655 | 7 | |a horory (povídky) |7 fd132417 |2 czenas | |
| 655 | 9 | |a Czech short stories |2 eczenas | |
| 655 | 9 | |a humorous short stories |2 eczenas | |
| 655 | 9 | |a horror tales |2 eczenas | |
| 710 | 2 | |a Epocha (nakladatelství) |7 xx0214891 |4 pbl | |
| 900 | |a ABG001 |b 18 | ||
| 044 | |a xr | ||
| 787 | 0 | 8 | |g 1 |i Z cyklu: |t 3x 100 hororů |
| 910 | |a RBIT002 | ||
| 998 | |d 426527 |a https://core.palmknihy.cz/api/books/426527/cover?te7djl |b https://core.palmknihy.cz/api/books/426527/cover/400?te7djl |c https://core.palmknihy.cz/api/books/426527/cover/50?te7djl |e 2031-04-24 |g 544 |i 9788027802814 |j https://core.palmknihy.cz/api/books/426527/preview.epub |k https://core.palmknihy.cz/api/books/426527/preview.pdf |l |q 49 |r 1 |s https://www.palmknihy.cz/kniha/426527 |t ebook |y 2026 |z 0 |v 3x 100 hororů |w 1 | ||
| 999 | |d 301446 | ||